000 00284nam a2200097Ia 4500
082 _a636.755 KILL
245 0 _aWest Highland white terrier : an owner's guide
100 _a KILLICK, Robert London, 2003
_996471
942 _cBK
008 210817s9999 xx 000 0 und d
999 _c405378
_d405377